| 000 | 00451nam a2200145Ia 4500 | ||
|---|---|---|---|
| 003 | SGT | ||
| 082 |
_a621.3 _bSAH |
||
| 100 | _aSahdev,S.K | ||
| 245 | _aFundamentals of electrical engineering and electronics | ||
| 260 |
_bDhanpat Rai & Co. _aN. Delhi _c2010 |
||
| 300 | _a200p. | ||
| 650 | _aELECTRONICS ENGINEERING | ||
| 653 | _aBASIC CONCEPTS OF CURRENT ELECTRICITY, NETWORK ANALYSIS,CAPACTANCE,CHEMICAL EFFECTS OF ELECTRIC CURRENT | ||
| 942 |
_2ddc _cBK |
||
| 999 |
_c5122 _d5122 |
||